Catalog

Record Details

Catalog Search



Silver seeds : a book of nature poems  Cover Image Book Book

Silver seeds : a book of nature poems / by Paul Paolilli and Dan Brewer ; illustrated by Steve Johnson and Lou Fancher.

Paolilli, Paul. (Author). Brewer, Dan. (Added Author). Johnson, Steve, 1960- (Added Author). Fancher, Lou. (Added Author).

Record details

  • ISBN: 0670889415
  • Physical Description: 1 v. (unpaged) : illustrations ; 26 cm.
  • Publisher: New York : Viking, 2001.
Subject: Nature > Juvenile poetry.
Children's poetry, American.
Nature > Poetry.
American poetry.

LDR 00976cam a2200301 a 4500
001126040
003CONS
00520140703073303.0
008000510s2001 nyua b 000 0 eng
010 . ‡a 00009469
020 . ‡a0670889415
035 . ‡a(CPomAG)LMN493080
042 . ‡alcac
05000. ‡aPS3566.A5943 ‡bS55 2001
08200. ‡a811/.6 ‡221
1001 . ‡aPaolilli, Paul.
24510. ‡aSilver seeds : ‡ba book of nature poems / ‡cby Paul Paolilli and Dan Brewer ; illustrated by Steve Johnson and Lou Fancher.
260 . ‡aNew York : ‡bViking, ‡c2001.
300 . ‡a1 v. (unpaged) : ‡billustrations ; ‡c26 cm.
650 0. ‡aNature ‡vJuvenile poetry.
650 0. ‡aChildren's poetry, American.
650 1. ‡aNature ‡vPoetry.
650 1. ‡aAmerican poetry.
7001 . ‡aBrewer, Dan.
7001 . ‡aJohnson, Steve, ‡d1960-
7001 . ‡aFancher, Lou.
959 . ‡i32269000633043 ‡lE Pao ‡aJuvenile - Easy ‡tEasy ‡g16.99
852 . ‡p32269000633043 ‡jE Pao ‡gJuvenile - Easy ‡cEasy ‡y16.99 ‡bSBPL
901 . ‡a126040 ‡bUnknown ‡c126040 ‡tbiblio

Additional Resources